| 000 | 00700nam a2200229 a 4500 | ||
|---|---|---|---|
| 005 | 20240925064703.0 | ||
| 008 | 030407s1990 mx r 000 0 spa d | ||
| 020 | _a8487682006 | ||
| 035 | _aUPN01000123638 | ||
| 049 | _aCG | ||
| 050 | 4 |
_aHM136 _bB3.58 |
|
| 100 | 1 | _aBarnes, Barry | |
| 245 | 1 | 3 |
_aLa naturaleza del poder / _cBarry Barnes ; tr. de José M. Pomares. |
| 260 |
_aBarcelona, Esp.: _bPomares-Corredor, _cc1990. |
||
| 300 | _a254 p. | ||
| 440 | 0 | _aTeoría, política y social | |
| 534 |
_pTraducción de: _tThe nature of power |
||
| 650 | 4 |
_aPoder (Ciencias sociales) _91203 |
|
| 650 | 2 |
_aEstructura social _912059 |
|
| 650 | 7 |
_aSociología del conocimiento _2 _94897 |
|
| 905 | _aLibro | ||
| 999 |
_c95817 _d95817 |
||